Представление документа в формате MARC21

Поле Инд. ПП Название Значение
Тип записи a
Библиографический уровень m
001 Контрольный номер 0471bcd9f4224af8a752ad49e7c34d24
005 Дата корректировки 20181022100804.2
020 a ISBN 978-5-8114-1411-6
040 a Служба первич. каталог. НБ ТвГУ
b Код языка каталог. rus
e Правила каталог. PSBO
041 0_ a Код языка текста rus
080 a Индекс УДК 517.977(075.8)
084 a Индекс другой классификации/Индекс ББК В181.3я73-1
090 a Полочн. индекс В181.3
x Авторский знак П 23
097 b Оператор mimoza
100 1_ a Автор Певзнер Леонид Давидович
q Полное имя Певзнер Л. Д.
245 10 a Заглавие Практикум по математическим основам теории систем
b Продолж. заглавия учебное пособие по направлению 220200 "Автоматизация и управление"
260 c Дата издания 2013
a Место издания Санкт-Петербург [и др.]
b Издательство Лань
300 a Объем 399 с.
b Иллюстрации/ тип воспроизводства ил.
504 a Библиография Библиогр.: с. 393. - Указ.: с. 394-397
520 0_ a Аннотация Изложены методы решения задач преобразования четких и нечетких множеств, бинарных отношений, исчисления высказываний и булевой алгебры. Приведены примеры и задачи минимизации формул алгебры логики, описания графов и основных операций над ними. Описаны алгоритмы отыскания кратчайших путей и максимальных потоков, ком-бинаторных соотношений и эффективного кодирования. Изложены основные задачи линейных векторных пространств, функциональных преобразований Фурье, Лапласа и дискретного Z-преобразования. Рассмотрены задачи анализа и синтеза конечных автоматов, описания и преобразования моделей линейных и нелинейных, непрерывных и дискретных динамических систем. Приведены методы и алгоритмы решения задач конечномерной оптимизации функций, вариационные методы решения экстремальных задач, принцип максимума и метод динамического программирования для решения задач оптимального управления. Для студентов, аспирантов вузов, обучающихся по направлению "Управление в технических системах" и смежных с ним.
653 0_ a Ключевые слова Теория систем
a Ключевые слова Математические основы теории систем
a Ключевые слова Системы
a Ключевые слова Управляющие системы
a Ключевые слова Теория управляющих систем
a Ключевые слова Учебники для вузов
a Ключевые слова Практикумы
901 t Тип документа m
910 a Гриф есть**
920 a Оператор Семен
a Оператор Суха
a Оператор Стро
930 a Новая/Ретро новая
952 c Вид литературы К ру
954 b Дата поступления в ОК 20180911
a Дата поступления на обработку 20180928
c Дата окончания ОНО 20180928